000 00292nam a2200097Ia 4500
008 240331s9999 xx 000 0 und d
082 _bTHU
100 _aWomen's Aid Organization. ed
245 0 _aThunpuruthap Padum Penkal :
_bUngalukku Neenkale Uthavi Seythu Kolla Uthavum Puththakam
942 _cL
999 _c3620
_d3620